000 01355nam0a22003371 4500
001 RU\NLR\INFOCOMM_46\5000716397
005 20250613094736.0
035 _a(NLR Aleph) 009272520
090 _a9110993
_c9110993
100 _a20100913d1980 |||y0rusy50 ca
101 0 _aeng
_drus
102 _aRU
105 _ay ||||000|y
200 1 _aMagnetic field of Jupiter and the Galilean satellites
_eTheir volcanism a. rotation
_fE. M. Drobyshevski
210 _aL.
_d1980
215 _a14 с.
_d20 см
225 1 _aˆ[‰Preprint]
_fAcad. of sciences of the USSR, A. F. Ioffe physical-techn. inst.
_v646
300 _aНа обороте тит. л.: Магнитное поле Юпитера и Галилеевы спутники: Их вулканизм и вращение / Э. М. Дробышевский
300 _aНа обл. надзаг. на рус. яз.
300 _aРез. на рус. яз.
320 _aБиблиогр.: с. 13-14
606 _aМагнитное поле Юпитера
_2nlr_sh1
606 _aЮпитер
_xСпутники
_2nlr_sh1
686 _aВ654.217
_2rubbk
700 1 _9z01790
_aDrobyševskij
_bÉ. M.
_gÉduard Michajlorič
_4070
790 1 _9z01700
_aDrobyshevski
_bE. M.
_4070
801 1 _aRU
_bNLR
_c20100913
801 0 _aRU
_bNLR
_gPSBO
852 _aNLR
_jА01 Д-4/163
942 _cBOOK
980 _aNB